00637nam a2200181 a 4500008004100000020001500041050001600056100002000072245015100092250001200243260003100255300003300286650003400319650002600353650002500379700002800404700002300432120607s2003 ||||||||||||||||| || u a0072469900 aHG 4026 Ros aRoss, Stephen A10aInstructor's manual to accompany fundamentals of corporate finance. -- 6th ed.cby Stephen A. Ross, Randolph W. Westerfield and Bradford D. Jordan a6th ed. aLondon:bMcGraw-Hillc2003 axxvii, various pagings: ill. 0aFINANCE--DEVELOPING COUNTRIES aCORPORATIONS--FINANCE 0aFINANCIAL STATEMENTS aWesterfield, Randolph W aJordan, Bradford D